NLSUI OPAC header image

International court of justice : Its role in the maintainance of international peace and security (Record no. 9864)

MARC details
000 -LEADER
fixed length control field 00462nam a2200157Ia 4500
008 - FIXED-LENGTH DATA ELEMENTS--GENERAL INFORMATION
fixed length control field 160316s1951 xxu||||| |||| 00| 0 eng d
082 ## - DEWEY DECIMAL CLASSIFICATION NUMBER
Classification number 341.552000
Item number LIS
100 ## - MAIN ENTRY--PERSONAL NAME
Personal name Lissitzyn Oliver J
245 ## - TITLE STATEMENT
Title International court of justice : Its role in the maintainance of international peace and security
250 ## - EDITION STATEMENT
Edition statement
260 ## - PUBLICATION, DISTRIBUTION, ETC.
Place of publication, distribution, etc. New York
Name of publisher, distributor, etc. Marstin Press
Date of publication, distribution, etc. 1951
300 ## - PHYSICAL DESCRIPTION
Extent 118p
Other physical details
Dimensions
365 ## - TRADE PRICE
Price amount
650 ## - SUBJECT ADDED ENTRY--TOPICAL TERM
Topical term or geographic name entry element 1.International Court of Justice
700 ## - ADDED ENTRY--PERSONAL NAME
Personal name
--
Holdings
Withdrawn status Lost status Damaged status Not for loan Home library Current library Shelving location Date acquired Total Checkouts Full call number Barcode Date last seen Price effective from Koha item type
        . . Library Compactors 30.05.2017   341.552 LIS 10138 30.05.2017 30.05.2017 BOOKs